Another cinema for another society (Record no. 370971)

MARC details
000 -LEADER
fixed length control field 00606nam a2200193Ia 4500
008 - FIXED-LENGTH DATA ELEMENTS--GENERAL INFORMATION
fixed length control field 191130s1985##################000#0#eng##
020 ## - INTERNATIONAL STANDARD BOOK NUMBER
ISBN 0861320751
082 ## - DEWEY DECIMAL CLASSIFICATION NUMBER
Classification number 302.2343 GAS
100 ## - MAIN ENTRY--AUTHOR NAME
Personal name Roberge, Gaston
245 ## - TITLE STATEMENT
Title Another cinema for another society
Statement of responsibility, etc Gaston Roberge
260 ## - PUBLICATION, DISTRIBUTION, ETC. (IMPRINT)
Place of publication Calcutta
Name of publisher Seagull Books
Year of publication 1985, c1984
300 ## - PHYSICAL DESCRIPTION
Number of Pages 151 p., [14] p. of plates : ill. ; 23 cm
500 ## - GENERAL NOTE
General note Includes bibliographical references and index
650 ## - SUBJECT ADDED ENTRY--TOPICAL TERM
Topical Term Motion pictures - Social aspects
991 ## -
-- 240597
Holdings
Withdrawn status Lost status Damaged status Not for loan Home library Current library Shelving location Date acquired Full call number Accession Number Price effective from Koha item type
        Anna Centenary Library Anna Centenary Library 3RD FLOOR, B WING 17.10.2020 302.2343 GAS 135900 17.10.2020 English Books

Find us on the map